00682nam a2200157Ia 4500008004100000020002200041041001200063100002100075245005500096260003200151440003400183650010200217942000700319999001900326952017900345231221s9999 xx 000 0 und d a978-1-4614-1059-1 aEnglish aY. Jack Weitsman 0aFluid Effects in Polymers and Polymeric Composites c2012bSpringer USaNew York aMechanical Engineering Series aMechanical Engineering; Classical Continuum Physics; Polymer Sciences; Engineering Fluid Dynamics cEB c226882d226882 r2024-01-26 00:00:00l0pEB9309uhttp://link.springer.com/openurl?genre=book&isbn=978-1-4614-1058-4w2024-01-26yEB1040708CL00aMLbMLcCLd0000-00-00K19960GRSF1V0W0